000 00699nam a22002177a 4500
008 240525b mp ||||| |||| 00| 0 mon d
020 _a978-99973-1-742-1
035 _a14752
040 _aСэлэнгэ аймгийн нийтийн номын сан
_bmon
_cMN-UlNLM
_dMN-UlNLM
_erda
041 _amon
042 _a30550
084 _2НСНЗА
_a84/фр/
_bА94
100 _aАшард М.
245 0 _aЦөөхүүл ч гэсэн бидний индианчууд
264 _aУлаанбаатар
_bмонсудар ХГ
_c2019
300 _a148
336 _2rdacontent
_atext
_btxt
337 _2rdamedia
_aunmediated
_bn
338 _2rdacarrier
_avolume
_bnc
942 _2NNA
_cBK
999 _c713736
_d713793